000 00539nam a2200181Ia 4500
003 IEPS
005 20250703135255.0
008 250223s9999||||xx |||||||||||||| ||und||
040 _CIEPS
041 _aara
082 _a796
100 _aابراهيم كامل زكية
245 0 _aالوسيط في الالعاب الصغيرة
250 _aنسخة منهجية
260 _aالاسكندرية
_bدار الوفاء لدنيا الطباعة و النشر
_c2007
300 _a320 ص.
_bرسوم
_c24 سم.
942 _cكتاب
999 _c12077
_d12077